00826cam a2200229 i 450000500170000000800410001701500080005802000150006604000390008104100080012004200080012808200170013610000260015324501350017926000340031430000810034850400530042965000150048265000270049770000320052470000400055620180803165011.0020723t 2001-usab r 001 0 eng d aNNN a0387951237 aDLCcDLCdDLCdCO-BoPUJdCO-BoIAVH0 aeng apcc04a577.55bT94l1 aTurner, Monica Goigel10aLandscape ecology in theory and practice : bpattern and process /cMonica Goigel Turner, Robert H. Gardner and Robert V. O'Neill. aNew York :bSpringer,cc2001. axii, 401 páginas :bilustraciones, diagramas y mapas ;c24 cm. +e1 CD-ROM aIncluye referencias bibliográficas e índice.24aEcología24aEcología del paisaje1 aGardner, Robert H.,eautor.1 aO'Neill, Robert V.,d1940-,eautor.